Datum a čas kvízu
26.5
Celkem bodů
Celkový počet nahraných bodů na tomto kvízu bez doplňovacích otázek.
3.
Pořadí na kvízu
Konečné umístění týmu na tomto kvízu.
Zaznamenané odpovědi
| # | Otázka | Odpověď | Body | Výsledky |
|---|---|---|---|---|
| 1. | Pouze jediný československý pr... | 0 | ||
| 2. | Sobotní protesty proti zvyšová... | 1 | ||
| 3. | Nehmotné dědictví UNESCO bylo... | 0 | ||
| 4. | Detroitští fanoušci hokeje se... | 0 | ||
| 5. | Počet neproměněných penalt + p... | 1 | ||
| 6. | Čertů se v kultuře, zeměpisnýc... | 0 | ||
| 7. | Roli čerta v pohádce Čert ví p... | 0 | ||
| 8. | To čert na koze jel, a táta re... | 0 | ||
| 9. | Jak se jmenuje osada, nacházej... | 0 | ||
| 10. | "U nás ochutnat znamená ___!"... | 1 |